| 000 | 01030cam a2200241 i 4500 | ||
|---|---|---|---|
| 999 |
_c7748 _d7748 |
||
| 003 | OSt | ||
| 005 | 20200518142617.0 | ||
| 008 | 150827s2016 nju 001 0 eng | ||
| 010 | _a 2015033558 | ||
| 020 | _a9781118881996 (paperback) | ||
| 082 | 0 | 0 |
_a720ALL _223 |
| 100 | 1 |
_aAllen, Edward, _d1938- _eauthor. |
|
| 245 | 1 | 0 |
_aArchitectural detailing : _bfunction, constructibility, aesthetics / _cEdward Allen and Patrick Rand. |
| 250 | _aThird edition. | ||
| 300 |
_axiii, 363 pages ; _c28 cm |
||
| 500 | _aIncludes index. | ||
| 520 | _a"Reviews recent built works and extract underlying principles that can be the basis for new patterns or for additional aspects of existing patterns"-- | ||
| 650 | 0 |
_aArchitecture _xDetails. |
|
| 650 | 7 |
_aARCHITECTURE / Design, Drafting, Drawing & Presentation. _2bisacsh |
|
| 700 | 1 |
_aRand, Patrick, _d1950- _eauthor. |
|
| 776 | 0 | 8 |
_iOnline version: _aAllen, Edward, 1938- author. _tArchitectural detailing _bThird edition. _dHoboken : Wiley, 2016 _z9781118882504 _w(DLC) 2015034774 |
| 942 | _2ddc | ||